La patria desconocida /

Guardado en:
Autor Principal: Fernández Moreno, Baldomero
Formato: Libro
Publicado: Buenos Aires : Kapelusz, 1959
Edición:3a. ed.
Materias:
Etiquetas: Agregar Etiqueta
Sin Etiquetas, Sea el primero en etiquetar este registro!
LEADER 00527nam a22001815a 4500
001 CEM.cems002439
005 20100913112402.0
008 130507s1959##################000#0#####d
003 CEMS
082 0 4 |a A868.4 
100 1 |a Fernández Moreno, Baldomero 
245 1 0 |a La patria desconocida /  |c Manrique Fernández Baldomero 
250 |a 3a. ed. 
260 |a Buenos Aires :  |b Kapelusz,  |c 1959 
300 |a 112 p. 
653 |a Literatura 
653 |a Literatura argentina 
859 |a CEMS  |b BIB. CEMS - 11 de abril  |h A868.4  |i F391a3  |p 8675.81  |t Ej.1